<?xml version="1.0" encoding="UTF-8"?>
<record
    xmlns:xsi="http://www.w3.org/2001/XMLSchema-instance"
    xsi:schemaLocation="http://www.loc.gov/MARC21/slim http://www.loc.gov/standards/marcxml/schema/MARC21slim.xsd"
    xmlns="http://www.loc.gov/MARC21/slim">

  <leader>01745nam a22002417a 4500</leader>
  <controlfield tag="003">OSt</controlfield>
  <controlfield tag="005">20230915101952.0</controlfield>
  <controlfield tag="008">140619b        xxu||||| |||| 00| 0 eng d</controlfield>
  <datafield tag="020" ind1=" " ind2=" ">
    <subfield code="a">9781305194396 (7e)</subfield>
  </datafield>
  <datafield tag="020" ind1=" " ind2=" ">
    <subfield code="a">1305104390 (7e)</subfield>
  </datafield>
  <datafield tag="040" ind1=" " ind2=" ">
    <subfield code="a">WIUC - GH</subfield>
    <subfield code="c">WIUC - GH</subfield>
  </datafield>
  <datafield tag="050" ind1=" " ind2=" ">
    <subfield code="a">HF5821.O34</subfield>
  </datafield>
  <datafield tag="245" ind1=" " ind2=" ">
    <subfield code="a">Advertising and integrated brand promotion. /</subfield>
    <subfield code="c">Thomas C.O'guinn</subfield>
  </datafield>
  <datafield tag="250" ind1=" " ind2=" ">
    <subfield code="a">7th ed.</subfield>
  </datafield>
  <datafield tag="260" ind1=" " ind2=" ">
    <subfield code="a">Stanford, CT</subfield>
    <subfield code="b">Cengage Learning</subfield>
    <subfield code="c">2015</subfield>
  </datafield>
  <datafield tag="300" ind1=" " ind2=" ">
    <subfield code="a">xx, 407p.;</subfield>
    <subfield code="b">ill., index</subfield>
    <subfield code="c">27cm.</subfield>
  </datafield>
  <datafield tag="500" ind1=" " ind2=" ">
    <subfield code="a">Includes index and glossary</subfield>
  </datafield>
  <datafield tag="505" ind1=" " ind2=" ">
    <subfield code="a">Contents: The world of advertising and integrated brand promotion -- The structure of the advertising industry:advertisers,agencies,media companies,and support organizations -- The evolution of promoting and advertising brands -- social,ethical,and regulatory aspects of advertising and promotion -- Advertising,integrated brand promotion,and consumer behavior -- Market segmentation,positioning,and the value proposition -- Advertising and promotion research -- Advertising planning:an international perceptive -- Managing creativity in advertising and IBP -- Message strategy -- Copy writing -- Art direction and production -- Media strategy and planning for advertising and IBP -- Media planning:newspaper,magazines,television,and radio -- Media planning:advertising and IBP on the internet -- Sales promotion,point-of-purchase advertising,and support media -- Event sponsorship,product placements,and branded entertainment -- Integrating direct marketing and personal selling -- Public relations,influencer marketing,and corporate advertising     </subfield>
  </datafield>
  <datafield tag="650" ind1=" " ind2=" ">
    <subfield code="2">Advertising</subfield>
  </datafield>
  <datafield tag="650" ind1=" " ind2=" ">
    <subfield code="2">Business environment</subfield>
  </datafield>
  <datafield tag="700" ind1=" " ind2=" ">
    <subfield code="a">O'Guinn, Thomas Clayon...[ et al]</subfield>
    <subfield code="9">2427</subfield>
  </datafield>
  <datafield tag="942" ind1=" " ind2=" ">
    <subfield code="2">lcc</subfield>
    <subfield code="c">BK</subfield>
  </datafield>
  <datafield tag="999" ind1=" " ind2=" ">
    <subfield code="c">10059</subfield>
    <subfield code="d">17559</subfield>
  </datafield>
  <datafield tag="952" ind1=" " ind2=" ">
    <subfield code="0">0</subfield>
    <subfield code="1">0</subfield>
    <subfield code="2">lcc</subfield>
    <subfield code="4">0</subfield>
    <subfield code="7">0</subfield>
    <subfield code="a">WIUC-KL</subfield>
    <subfield code="b">WIUC-KL</subfield>
    <subfield code="c">GEN</subfield>
    <subfield code="d">2010-03-14</subfield>
    <subfield code="o">HF5821.O34(7e)</subfield>
    <subfield code="p">K/3029/0127/23</subfield>
    <subfield code="r">2023-09-15 00:00:00</subfield>
    <subfield code="w">2023-09-15</subfield>
    <subfield code="y">BK</subfield>
  </datafield>
</record>
